[Event "Wch Seniors 12th"]
[Site "Naumburg"]
[Date "2002.10.31"]
[Round "9"]
[White "Gurgenidze, Bukhuti"]
[Black "Daniel, Wolfgang"]
[Result "1-0"]
[WhiteElo "2198"]
[BlackElo "1885"]
[PlyCount "67"]
[EventDate "2002.10.21"]
[EventType "swiss"]
[EventRounds "11"]
[EventCountry "GER"]
[SourceTitle "EXT 2006"]
[Source "ChessBase"]
[SourceDate "2005.11.24"]
[SourceVersion "1"]
[SourceVersionDate "2005.11.24"]
[SourceQuality "1"]

1. e4 e5 2. Nf3 Nf6 3. d4 exd4 4. e5 Ne4 5. Qxd4 d5 6. exd6 Nxd6 7. Nc3 Nc6 8. Qf4 Nf5 9. Bb5 Bd6 10. Qe4+ Qe7 11. 0-0 Qxe4 12. Nxe4 0-0 13. Nxd6 cxd6 14. c3 Be6 15. Rd1 Rfd8 16. Bf4 d5 17. Ne5 Nxe5 18. Bxe5 Rac8 19. Bd4 Nxd4 20. Rxd4 Rc5 21. Be2 Rb8 22. a3 b5 23. Rad1 a5 24. h3 g6 25. R1d2 Kg7 26. Bf3 Rc4 27. Bxd5 Rxd4 28. Rxd4 Bxd5 29. Rxd5 b4 30. Rxa5 bxc3 31. bxc3 Rb1+ 32. Kh2 Rb3 33. c4 Rc3 34. c5 1-0

[Event "Wch Seniors 12th"]
[Site "Naumburg"]
[Date "2002.10.30"]
[Round "8"]
[White "Kachar, Vladimir"]
[Black "Gurgenidze, Bukhuti"]
[Result "1/2-1/2"]
[WhiteElo "2373"]
[BlackElo "2198"]
[PlyCount "51"]
[EventDate "2002.10.21"]
[EventType "swiss"]
[EventRounds "11"]
[EventCountry "GER"]
[SourceTitle "EXT 2006"]
[Source "ChessBase"]
[SourceDate "2005.11.24"]
[SourceVersion "1"]
[SourceVersionDate "2005.11.24"]
[SourceQuality "1"]

1. c4 e5 2. g3 Nf6 3. Bg2 Nc6 4. Nc3 Bb4 5. Nd5 Bc5 6. e3 0-0 7. Ne2 Re8 8. 0-0 Bf8 9. Nec3 Nxd5 10. cxd5 Nb4 11. d3 c5 12. a3 Na6 13. Rb1 d6 14. b3 g6 15. Bb2 Bg7 16. Ne4 f5 17. Nd2 b5 18. Qe2 Nb8 19. a4 Bd7 20. axb5 Bxb5 21. Nc4 a5 22. Ra1 Bxc4 23. bxc4 Na6 24. Qd2 Nb4 25. Bc3 Qc7 26. e4 1/2-1/2

[Event "Wch Seniors 12th"]
[Site "Naumburg"]
[Date "2002.10.28"]
[Round "6"]
[White "Hecht, Hans Joachim"]
[Black "Gurgenidze, Bukhuti"]
[Result "1/2-1/2"]
[WhiteElo "2390"]
[BlackElo "2198"]
[PlyCount "121"]
[EventDate "2002.10.21"]
[EventType "swiss"]
[EventRounds "11"]
[EventCountry "GER"]
[SourceTitle "EXT 2006"]
[Source "ChessBase"]
[SourceDate "2005.11.24"]
[SourceVersion "1"]
[SourceVersionDate "2005.11.24"]
[SourceQuality "1"]

1. d4 Nf6 2. c4 e6 3. Nf3 Nc6 4. g3 d5 5. Bg2 dxc4 6. 0-0 Rb8 7. Re1 Be7 8. e4 0-0 9. Nc3 b5 10. d5 Nb4 11. Nd4 a6 12. a3 e5 13. axb4 exd4 14. Qxd4 Bxb4 15. Bf4 Nd7 16. Rad1 Nc5 17. d6 cxd6 18. Qxd6 Bg4 19. Qxb8 Qxb8 20. Bxb8 Rxb8 21. f3 Be6 22. Bf1 Na4 23. Nxa4 Bxe1 24. Nc5 Ba5 25. Nxa6 Rd8 26. Rxd8+ Bxd8 27. Kf2 Bb6+ 28. Ke2 Bd4 29. Nc7 Bd7 30. b3 cxb3 31. Kd2 b2 32. Kc2 b4 33. Nb5 Bxb5 34. Bxb5 h5 35. Bd3 Kf8 36. Kd2 Bg1 37. Ke2 Bxh2 38. Kf2 h4 39. gxh4 Ke7 40. Ke3 Kd6 41. f4 Kc5 42. e5 Kd5 43. h5 b3 44. Bb1 Bg3 45. Kf3 Bh4 46. Ke3 Kc4 47. f5 Kd5 48. e6 fxe6 49. fxe6 Kc4 50. Bd3+ Kc3 51. Bb1 Bg5+ 52. Ke2 Kd4 53. Bg6 Ke5 54. Bb1 Kd4 55. Kf3 Kc3 56. Ke2 Be7 57. Kd1 Bb4 58. Ke2 Kd4 59. Kf3 Kd5 60. Ke3 Kxe6 61. Kd4 1/2-1/2

[Event "Wch Seniors 12th"]
[Site "Naumburg"]
[Date "2002.10.25"]
[Round "5"]
[White "Gurgenidze, Bukhuti"]
[Black "Shestoperov, Aleksej"]
[Result "0-1"]
[WhiteElo "2198"]
[BlackElo "2464"]
[PlyCount "54"]
[EventDate "2002.10.21"]
[EventType "swiss"]
[EventRounds "11"]
[EventCountry "GER"]
[SourceTitle "EXT 2006"]
[Source "ChessBase"]
[SourceDate "2005.11.24"]
[SourceVersion "1"]
[SourceVersionDate "2005.11.24"]
[SourceQuality "1"]

1. e4 c5 2. Nf3 e6 3. Nc3 a6 4. d4 cxd4 5. Nxd4 Qc7 6. Bd3 Nf6 7. Qe2 d6 8. 0-0 g6 9. Bf4 Nh5 10. Be3 Bg7 11. f4 0-0 12. Bc4 Nc6 13. Nxc6 bxc6 14. Bb3 a5 15. f5 exf5 16. exf5 d5 17. Bc5 Ba6 18. Qf3 Bxf1 19. Bxf8 Rxf8 20. Rxf1 Bxc3 21. Qxc3 a4 22. fxg6 hxg6 23. Bxd5 Qb6+ 24. Kh1 cxd5 25. b3 d4 26. Qc4 axb3 27. axb3 Kg7 0-1

[Event "GEO-ch 62th"]
[Site "Tbilisi"]
[Date "2002.05.31"]
[Round "11"]
[White "Shengelia, Davit"]
[Black "Gurgenidze, Bukhuti"]
[Result "1-0"]
[WhiteElo "2411"]
[BlackElo "2203"]
[PlyCount "63"]
[EventDate "2002.05.19"]
[EventType "tourn"]
[EventRounds "13"]
[EventCountry "GEO"]
[EventCategory "9"]
[SourceTitle "EXT 2004"]
[Source "ChessBase"]
[SourceDate "2003.11.25"]
[SourceVersion "1"]
[SourceVersionDate "2003.11.25"]
[SourceQuality "1"]

1. e4 c5 2. Nf3 Nc6 3. d4 cxd4 4. Nxd4 Nf6 5. Nc3 e5 6. Ndb5 d6 7. Nd5 Nxd5 8. exd5 Nb8 9. c4 a6 10. Nc3 Nd7 11. Be2 Be7 12. 0-0 0-0 13. Kh1 f5 14. f4 exf4 15. Bxf4 g5 16. Be3 Ne5 17. Bd4 b6 18. b4 Ng6 19. Qd2 Bd7 20. Bd1 a5 21. Rb1 Rc8 22. bxa5 bxa5 23. Bb6 Qe8 24. c5 dxc5 25. d6 Bf6 26. Nd5 Qf7 27. Nxf6+ Qxf6 28. Bxa5 Nf4 29. Bc3 Qh6 30. Rb7 Rf7 31. Bb3 c4 32. Qd4 1-0

[Event "GEO-ch 62th"]
[Site "Tbilisi"]
[Date "2002.05.27"]
[Round "7"]
[White "Kekelidze, Mikheil"]
[Black "Gurgenidze, Bukhuti"]
[Result "1-0"]
[WhiteElo "2477"]
[BlackElo "2203"]
[PlyCount "71"]
[EventDate "2002.05.19"]
[EventType "tourn"]
[EventRounds "13"]
[EventCountry "GEO"]
[EventCategory "9"]
[SourceTitle "EXT 2004"]
[Source "ChessBase"]
[SourceDate "2003.11.25"]
[SourceVersion "1"]
[SourceVersionDate "2003.11.25"]
[SourceQuality "1"]

1. d4 Nf6 2. Nf3 e6 3. c4 Nc6 4. d5 exd5 5. cxd5 Bb4+ 6. Nc3 Ne7 7. e4 Nxe4 8. Qd4 Bxc3+ 9. bxc3 Nf6 10. d6 cxd6 11. Bd3 d5 12. 0-0 d6 13. Bg5 Nc6 14. Qh4 Be6 15. Rab1 Qe7 16. Nd4 Ne5 17. Bb5+ Kf8 18. f4 Ng6 19. Bxf6 Qxf6 20. Qxf6 gxf6 21. f5 Ke7 22. Ba4 Rab8 23. fxg6 hxg6 24. Rfe1 f5 25. Bc6 Kf6 26. Bxb7 Rh4 27. Ba6 Re4 28. Rxb8 Rxe1+ 29. Kf2 Rc1 30. Rb3 Ra1 31. Ra3 f4 32. Bd3 g5 33. h3 Rd1 34. Be2 Rd2 35. Rxa7 Rb2 36. a4 1-0

[Event "Tbilisi Nabeglavi op"]
[Site "Tbilisi"]
[Date "2001.11.??"]
[Round "?"]
[White "Morchiashvili, Bachana"]
[Black "Gurgenidze, Bukhuti"]
[Result "1-0"]
[WhiteElo "2109"]
[BlackElo "2217"]
[PlyCount "75"]
[EventDate "2001.11.04"]
[EventType "swiss"]
[EventRounds "9"]
[EventCountry "GEO"]
[SourceTitle "EXT 2004"]
[Source "ChessBase"]
[SourceDate "2003.11.25"]
[SourceVersion "1"]
[SourceVersionDate "2003.11.25"]
[SourceQuality "1"]

1. e4 c6 2. d4 d5 3. Nc3 b5 4. a3 a6 5. Nf3 Bg4 6. Be2 e6 7. 0-0 Nf6 8. h3 Bxf3 9. Bxf3 Be7 10. Bf4 0-0 11. Qd3 Nbd7 12. e5 Ne8 13. Ne2 c5 14. dxc5 Nxc5 15. Qd2 Rc8 16. Nd4 Qb6 17. b4 Na4 18. Be2 Nc7 19. Be3 Qb7 20. f4 f5 21. exf6 Bxf6 22. Bg4 Rfe8 23. Rae1 Nb6 24. Qf2 Nc4 25. Bc1 Nd6 26. Nxe6 Ne4 27. Rxe4 dxe4 28. Nc5 Qd5 29. Rd1 Qc4 30. Bxc8 Rxc8 31. Be3 Be7 32. Rd4 Qa2 33. Rxe4 Bxc5 34. Bxc5 Qxa3 35. Qd4 Qc1+ 36. Kh2 Re8 37. Rxe8+ Nxe8 38. Qd5+ 1-0

[Event "Wch Seniors 11th"]
[Site "Arco"]
[Date "2001.10.26"]
[Round "9"]
[White "Gurgenidze, Bukhuti"]
[Black "Baumgartner, Heinz"]
[Result "1/2-1/2"]
[WhiteElo "2217"]
[BlackElo "2350"]
[PlyCount "56"]
[EventDate "2001.10.17"]
[EventType "swiss"]
[EventRounds "11"]
[EventCountry "ITA"]
[SourceTitle "EXT 2002"]
[Source "ChessBase"]
[SourceDate "2001.11.25"]
[SourceVersion "1"]
[SourceVersionDate "2001.11.25"]
[SourceQuality "1"]

1. e4 e5 2. Nf3 Nc6 3. Bb5 f5 4. Bxc6 dxc6 5. Nc3 fxe4 6. Nxe4 Nf6 7. Qe2 Bg4 8. h3 Bxf3 9. Qxf3 Be7 10. Nxf6+ Bxf6 11. d3 0-0 12. Qe4 Qd5 13. 0-0 Qxe4 14. dxe4 Rfd8 15. Be3 b6 16. Rfd1 Kf7 17. Kf1 Ke6 18. Rxd8 Rxd8 19. Ke2 Be7 20. g3 g5 21. Rd1 Rg8 22. Rg1 Rf8 23. f3 Rg8 24. a4 Kd6 25. Rf1 Ke6 26. Ra1 a5 27. Rg1 Kd6 28. c4 c5 1/2-1/2

[Event "Wch Seniors 11th"]
[Site "Arco"]
[Date "2001.10.18"]
[Round "2"]
[White "Gurgenidze, Bukhuti"]
[Black "Shabanov, Yuri"]
[Result "1/2-1/2"]
[WhiteElo "2217"]
[BlackElo "2458"]
[PlyCount "53"]
[EventDate "2001.10.17"]
[EventType "swiss"]
[EventRounds "11"]
[EventCountry "ITA"]
[SourceTitle "EXT 2002"]
[Source "ChessBase"]
[SourceDate "2001.11.25"]
[SourceVersion "1"]
[SourceVersionDate "2001.11.25"]
[SourceQuality "1"]

1. e4 d6 2. d4 Nf6 3. Nc3 g6 4. Nf3 Bg7 5. Be2 0-0 6. 0-0 c5 7. d5 e6 8. h3 exd5 9. exd5 Re8 10. Bg5 h6 11. Bh4 Na6 12. Nd2 Nc7 13. Bf3 g5 14. Bg3 Bf5 15. Nc4 Bf8 16. a4 Ne4 17. Nxe4 Bxe4 18. Re1 Bg6 19. Rxe8 Nxe8 20. Bh5 Bxh5 21. Qxh5 Qf6 22. Qg4 Rd8 23. h4 Ng7 24. hxg5 hxg5 25. Re1 Qf5 26. Qd1 Qg6 27. f3 1/2-1/2

[Event "Wch Seniors 10th"]
[Site "Rowy"]
[Date "2000.09.23"]
[Round "11"]
[White "Lapienis, Donatas P"]
[Black "Gurgenidze, Bukhuti"]
[Result "1/2-1/2"]
[WhiteElo "2292"]
[BlackElo "2278"]
[PlyCount "49"]
[EventDate "2000.09.11"]
[EventType "swiss"]
[EventRounds "11"]
[EventCountry "POL"]
[SourceTitle "CBM 078 Extra"]
[Source "ChessBase"]
[SourceDate "2000.11.10"]
[SourceVersion "1"]
[SourceVersionDate "2000.11.10"]
[SourceQuality "1"]

1. d4 Nf6 2. c4 e6 3. Nc3 Bb4 4. e3 Bxc3+ 5. bxc3 Nc6 6. Bd3 d6 7. Ne2 e5 8. e4 Ne7 9. c5 d5 10. exd5 Qxd5 11. 0-0 exd4 12. cxd4 0-0 13. Nc3 Qd7 14. Bg5 Ned5 15. Bxf6 Nxf6 16. d5 Qe7 17. Rc1 Bg4 18. Qa4 Bd7 19. Qf4 Qxc5 20. Ne4 Qxd5 21. Nxf6+ gxf6 22. Be4 Qe5 23. Qh4 f5 24. Bxb7 Rae8 25. Rxc7 1/2-1/2

[Event "Wch Seniors 10th"]
[Site "Rowy"]
[Date "2000.09.21"]
[Round "9"]
[White "Gurgenidze, Bukhuti"]
[Black "Zakhvatov, Vladimir"]
[Result "0-1"]
[WhiteElo "2278"]
[BlackElo "2341"]
[PlyCount "95"]
[EventDate "2000.09.11"]
[EventType "swiss"]
[EventRounds "11"]
[EventCountry "POL"]
[SourceTitle "CBM 078 Extra"]
[Source "ChessBase"]
[SourceDate "2000.11.10"]
[SourceVersion "1"]
[SourceVersionDate "2000.11.10"]
[SourceQuality "1"]

1. d4 Nf6 2. c4 e6 3. Nc3 Bb4 4. Bg5 c5 5. d5 h6 6. Bxf6 Qxf6 7. Rc1 b5 8. e3 Bb7 9. Nf3 exd5 10. cxd5 a6 11. Be2 d6 12. 0-0 0-0 13. Ne4 Qe7 14. Ng3 Nd7 15. e4 g6 16. a4 bxa4 17. Qxa4 h5 18. h4 Nf6 19. Qc2 a5 20. Ng5 Ba6 21. Bxa6 Rxa6 22. Qd3 Rfa8 23. Ra1 a4 24. Rfd1 Ng4 25. Nf1 Qe5 26. Ra2 Qf4 27. Qf3 Qxf3 28. gxf3 Ne5 29. Ne3 a3 30. f4 axb2 31. Rxb2 Ng4 32. Nc4 Bc3 33. Rc2 Bd4 34. Nh3 Re8 35. Re1 f5 36. Rce2 fxe4 37. Rxe4 Rxe4 38. Rxe4 Ra2 39. Re8+ Kg7 40. Ng5 Rxf2 41. Ne6+ Kh6 42. Nxd6 Rxf4+ 43. Kg2 Rf2+ 44. Kg1 Rd2+ 45. Nxd4 Rxd4 46. Nf7+ Kg7 47. Ng5 Rxd5 48. Rc8 0-1

[Event "Wch Seniors 10th"]
[Site "Rowy"]
[Date "2000.09.19"]
[Round "8"]
[White "Rotstein, Jefim"]
[Black "Gurgenidze, Bukhuti"]
[Result "1-0"]
[WhiteElo "2336"]
[BlackElo "2278"]
[PlyCount "77"]
[EventDate "2000.09.11"]
[EventType "swiss"]
[EventRounds "11"]
[EventCountry "POL"]
[SourceTitle "CBM 078 Extra"]
[Source "ChessBase"]
[SourceDate "2000.11.10"]
[SourceVersion "1"]
[SourceVersionDate "2000.11.10"]
[SourceQuality "1"]

1. e4 c5 2. Nf3 d6 3. d4 cxd4 4. Nxd4 Nf6 5. Nc3 Nc6 6. g3 g6 7. Nde2 Bg7 8. Bg2 0-0 9. 0-0 Bg4 10. h3 Bxe2 11. Qxe2 Rc8 12. Be3 Qc7 13. Rad1 Ne5 14. Nb5 Qxc2 15. Rd2 Qc4 16. Nxa7 Qxe2 17. Rxe2 Ra8 18. Rc1 Nc6 19. Nxc6 bxc6 20. b3 Ra6 21. e5 Nd5 22. exd6 exd6 23. Bxd5 cxd5 24. Rd1 Ra5 25. a4 Rb8 26. Rd3 d4 27. Bd2 Re5 28. Kf1 Rbe8 29. Re1 Rxe1+ 30. Bxe1 Kf8 31. b4 Ke7 32. b5 Ke6 33. a5 Kd5 34. Rb3 Kc4 35. Rb4+ Kc5 36. b6 d5 37. a6 Be5 38. a7 Ra8 39. Ke2 1-0

[Event "Wch Seniors 10th"]
[Site "Rowy"]
[Date "2000.09.18"]
[Round "7"]
[White "Karasev, Vladimir I"]
[Black "Gurgenidze, Bukhuti"]
[Result "1/2-1/2"]
[WhiteElo "2358"]
[BlackElo "2278"]
[PlyCount "91"]
[EventDate "2000.09.11"]
[EventType "swiss"]
[EventRounds "11"]
[EventCountry "POL"]
[SourceTitle "CBM 078 Extra"]
[Source "ChessBase"]
[SourceDate "2000.11.10"]
[SourceVersion "1"]
[SourceVersionDate "2000.11.10"]
[SourceQuality "1"]

1. Nf3 Nf6 2. g3 b5 3. Bg2 Bb7 4. 0-0 e6 5. d3 d5 6. e4 c5 7. exd5 Nxd5 8. Ng5 Nc6 9. Re1 Qd7 10. c4 Ndb4 11. cxb5 Nd4 12. Na3 Bxg2 13. Kxg2 Be7 14. Nf3 Qb7 15. Re3 Rd8 16. Kg1 Nf5 17. Ne5 Nxe3 18. Bxe3 0-0 19. Qg4 Rd5 20. d4 Rc8 21. Re1 Bf8 22. h4 cxd4 23. Bxd4 Rcd8 24. Bc3 Nd3 25. Nxd3 Rxd3 26. Nc4 Qxb5 27. Ne5 R3d6 28. Qf3 Qe8 29. Ng4 f5 30. Ne5 Rd5 31. h5 Bd6 32. Nc4 Bc5 33. h6 gxh6 34. Kg2 Rd3 35. Qe2 Qc6+ 36. Kh2 Qd5 37. Qxe6+ Qxe6 38. Rxe6 Bxf2 39. Ne5 R3d6 40. Re7 Bd4 41. Nf7 R8d7 42. Nxd6 Rxd6 43. Bxd4 Rxd4 44. Rxa7 Rd2+ 45. Kg1 Rxb2 46. Ra5 1/2-1/2

[Event "GEO-ch 60th"]
[Site "Tbilisi"]
[Date "2000.05.??"]
[Round "?"]
[White "Gelashvili, Tamaz"]
[Black "Gurgenidze, Bukhuti"]
[Result "1-0"]
[WhiteElo "2514"]
[BlackElo "2278"]
[PlyCount "75"]
[EventDate "2000.??.??"]
[EventType "tourn"]
[EventRounds "11"]
[EventCountry "GEO"]
[EventCategory "7"]
[SourceTitle "EXT 2004"]
[Source "ChessBase"]
[SourceDate "2003.11.25"]
[SourceVersion "1"]
[SourceVersionDate "2003.11.25"]
[SourceQuality "1"]

1. e4 c6 2. d4 d5 3. e5 Bf5 4. h4 h5 5. c4 e6 6. Nc3 Nd7 7. cxd5 exd5 8. Bd3 Bxd3 9. Qxd3 Bb4 10. Bg5 f6 11. exf6 gxf6 12. Qg6+ Kf8 13. Be3 Bxc3+ 14. bxc3 Qe8 15. Qg3 Nb6 16. Ne2 Qe4 17. 0-0 Ne7 18. Nf4 Kf7 19. Rae1 Rag8 20. Qh2 Qf5 21. Bc1 Nc4 22. Re2 Qd7 23. Rfe1 Re8 24. Qg3 Rhg8 25. Qd3 Nf5 26. Rxe8 Rxe8 27. Rxe8 Kxe8 28. Qe2+ Kd8 29. Qxh5 Nfd6 30. Qh8+ Ne8 31. Nh5 Kc7 32. Nxf6 Nxf6 33. Qxf6 Qh7 34. Kh2 Kb6 35. Bf4 Qc2 36. h5 Qxa2 37. h6 Qc2 38. Qf7 1-0

[Event "GEO-ch"]
[Site "Tbilisi"]
[Date "1998.??.??"]
[Round "?"]
[White "Gurgenidze, Bukhuti"]
[Black "Janjgava, Lasha"]
[Result "1-0"]
[WhiteElo "2310"]
[BlackElo "2495"]
[PlyCount "84"]
[EventDate "1998.??.??"]
[EventType "swiss"]
[EventRounds "9"]
[EventCountry "GEO"]
[SourceTitle "EXT 2002"]
[Source "ChessBase"]
[SourceDate "2001.11.25"]
[SourceVersion "1"]
[SourceVersionDate "2001.11.25"]
[SourceQuality "1"]

1. e4 c5 2. Nc3 d6 3. Bc4 Nc6 4. d3 g6 5. Nge2 Bg7 6. 0-0 e6 7. Be3 a6 8. a3 Nge7 9. Ba2 Nd4 10. Rb1 0-0 11. Qd2 b6 12. Rfc1 Bd7 13. Bh6 Nec6 14. Bxg7 Kxg7 15. Nxd4 Nxd4 16. Ne2 Nxe2+ 17. Qxe2 Qf6 18. c3 b5 19. Qe3 Rac8 20. f4 Rfe8 21. e5 Qe7 22. exd6 Qxd6 23. Qe5+ Qxe5 24. fxe5 Red8 25. Re1 Bc6 26. Rbd1 Rc7 27. Bb1 a5 28. Bc2 Rb7 29. d4 cxd4 30. Rxd4 Rxd4 31. cxd4 b4 32. Re3 Bd5 33. g3 g5 34. h3 h6 35. Kf1 bxa3 36. bxa3 Rb2 37. Rc3 Ra2 38. Ke1 h5 39. Kd1 Ra1+ 40. Kd2 Rh1 41. Rc5 Rxh3 42. Rxa5 Rxg3 1-0

[Event "GEO-ch"]
[Site "Tbilisi"]
[Date "1997.??.??"]
[Round "?"]
[White "Chikovani, Iuri"]
[Black "Gurgenidze, Bukhuti"]
[Result "1-0"]
[WhiteElo "2235"]
[BlackElo "2325"]
[PlyCount "68"]
[EventDate "1997.??.??"]
[EventType "swiss"]
[EventRounds "9"]
[EventCountry "GEO"]
[SourceTitle "EXT 2002"]
[Source "ChessBase"]
[SourceDate "2001.11.25"]
[SourceVersion "1"]
[SourceVersionDate "2001.11.25"]
[SourceQuality "1"]

1. e4 c6 2. c4 d5 3. exd5 cxd5 4. cxd5 Nf6 5. Nc3 g6 6. Bc4 Bg7 7. Nf3 0-0 8. 0-0 Nbd7 9. d4 Nb6 10. Bb3 Nbxd5 11. Ne5 Be6 12. Qf3 Qd6 13. Bg5 Rfd8 14. Rad1 Rac8 15. Rfe1 a6 16. Na4 b6 17. Bh4 Bh6 18. g4 Nd7 19. Nxf7 Bxf7 20. Bxe7 Qc6 21. g5 N7f6 22. gxf6 Nxe7 23. Bxf7+ Kh8 24. Qxc6 Nxc6 25. d5 Nb8 26. Nxb6 Rc2 27. d6 Bg5 28. Re6 Rc6 29. d7 Rxe6 30. Bxe6 Bxf6 31. Rc1 Bxb2 32. Rc8 Bf6 33. Nd5 Bh4 34. Kg2 Kg7 1-0

[Event "GEO-ch"]
[Site "Tbilisi"]
[Date "1996.??.??"]
[Round "?"]
[White "Gurgenidze, Bukhuti"]
[Black "Dgebuadze, Alexandre"]
[Result "1-0"]
[WhiteElo "2340"]
[BlackElo "2470"]
[PlyCount "79"]
[EventDate "1996.??.??"]
[EventType "tourn"]
[EventRounds "9"]
[EventCountry "GEO"]
[EventCategory "7"]
[SourceTitle "EXT 1999"]
[Source "ChessBase"]
[SourceDate "1998.11.16"]
[SourceVersion "1"]
[SourceVersionDate "1998.11.16"]
[SourceQuality "1"]

1. Nf3 Nf6 2. b4 e6 3. a3 d5 4. e3 c6 5. c4 Be7 6. Be2 0-0 7. 0-0 Nbd7 8. cxd5 exd5 9. Bb2 a5 10. b5 c5 11. a4 Re8 12. d3 b6 13. Nbd2 Bb7 14. Rc1 Bf8 15. Rc2 g6 16. g3 Bg7 17. Nh4 Rc8 18. Ng2 Rc7 19. Qa1 d4 20. Nc4 Ne5 21. Nxe5 Rxe5 22. exd4 cxd4 23. Rxc7 Qxc7 24. Bxd4 Rxe2 25. Bxf6 Bxf6 26. Qxf6 Re6 27. Qd4 Rd6 28. Qe5 Qd7 29. Nf4 f6 30. Qe3 g5 31. Ng2 Rxd3 32. Qxb6 Qd5 33. f3 Rxf3 34. Rxf3 Qxf3 35. Qf2 Qd1+ 36. Ne1 Qd5 37. Qxf6 Qh1+ 38. Kf2 Qxh2+ 39. Ke3 Qxg3+ 40. Kd2 1-0

[Event "GEO-ch"]
[Site "Tbilisi"]
[Date "1996.??.??"]
[Round "?"]
[White "Gurgenidze, Bukhuti"]
[Black "Kacheishvili, Giorgi"]
[Result "0-1"]
[WhiteElo "2340"]
[BlackElo "2460"]
[PlyCount "74"]
[EventDate "1996.??.??"]
[EventType "tourn"]
[EventRounds "9"]
[EventCountry "GEO"]
[EventCategory "7"]
[SourceTitle "EXT 1999"]
[Source "ChessBase"]
[SourceDate "1998.11.16"]
[SourceVersion "1"]
[SourceVersionDate "1998.11.16"]
[SourceQuality "1"]

1. e4 c5 2. Nc3 e6 3. Nf3 a6 4. d4 cxd4 5. Nxd4 Qc7 6. Bd3 Nc6 7. Nxc6 dxc6 8. f4 e5 9. f5 Nf6 10. g4 h6 11. Qf3 b5 12. a4 Bb7 13. axb5 axb5 14. Rxa8+ Bxa8 15. Be3 Nd7 16. Qf2 Qa5 17. 0-0 Bb4 18. Nb1 Be7 19. Nd2 Qb4 20. Ra1 0-0 21. Nb3 Qd6 22. Be2 c5 23. Bxb5 Bxe4 24. Bxd7 Qxd7 25. Nxc5 Bxc5 26. Bxc5 Rd8 27. Re1 Bb7 28. h3 f6 29. Kh2 Qd5 30. b4 Ra8 31. Qe2 Ra2 32. Rd1 Qc6 33. Rd8+ Kh7 34. Rd1 Ra3 35. Rg1 Rc3 36. Rd1 Qa4 37. Rd2 Qa1 0-1

[Event "Yerevan op"]
[Site "Yerevan"]
[Date "1996.??.??"]
[Round "2"]
[White "Gurgenidze, Bukhuti"]
[Black "Vaisser, Anatoli"]
[Result "1/2-1/2"]
[WhiteElo "2340"]
[BlackElo "2565"]
[PlyCount "58"]
[EventDate "1996.??.??"]
[EventType "swiss"]
[EventRounds "11"]
[EventCountry "ARM"]
[SourceTitle "CBM 052 Extra"]
[Source "ChessBase"]
[SourceDate "1996.07.01"]
[SourceVersion "1"]
[SourceVersionDate "1996.07.01"]
[SourceQuality "1"]

1. e4 e6 2. Nf3 d5 3. Nc3 Nf6 4. e5 Nfd7 5. d4 c5 6. Bb5 Nc6 7. 0-0 Be7 8. Ne2 Qb6 9. Ba4 cxd4 10. Nexd4 0-0 11. Re1 Nc5 12. Bb3 Ne4 13. c3 f6 14. Be3 Qd8 15. exf6 Bxf6 16. Bc2 Bd7 17. Nxc6 Bxc6 18. Nd4 Bd7 19. Bxe4 dxe4 20. Qb3 Qc8 21. Rad1 Bxd4 22. Rxd4 Bc6 23. Red1 Qe8 24. R1d2 Qe7 25. c4 Rad8 26. Qd1 Rxd4 27. Rxd4 a6 28. b3 h6 29. h3 Kh7 1/2-1/2

[Event "GEO-ch"]
[Site "Tbilisi"]
[Date "1996.??.??"]
[Round "?"]
[White "Janjgava, Lasha"]
[Black "Gurgenidze, Bukhuti"]
[Result "1-0"]
[WhiteElo "2495"]
[BlackElo "2340"]
[PlyCount "78"]
[EventDate "1996.??.??"]
[EventType "tourn"]
[EventRounds "9"]
[EventCountry "GEO"]
[EventCategory "7"]
[SourceTitle "EXT 1999"]
[Source "ChessBase"]
[SourceDate "1998.11.16"]
[SourceVersion "1"]
[SourceVersionDate "1998.11.16"]
[SourceQuality "1"]

1. d4 Nf6 2. c4 e6 3. Nf3 Nc6 4. Nc3 Bb4 5. e3 0-0 6. Bd3 Re8 7. 0-0 Bxc3 8. bxc3 e5 9. e4 d6 10. d5 Ne7 11. Ne1 Nd7 12. Be3 b6 13. Nc2 Nc5 14. Bxc5 bxc5 15. Ne3 Rf8 16. Rb1 Bd7 17. Bc2 Rb8 18. Rxb8 Qxb8 19. Ba4 Bc8 20. Qc2 Qb6 21. Rb1 Qa5 22. Rb8 Ba6 23. Rb2 g6 24. Bd7 Kg7 25. g3 Ng8 26. h4 Nf6 27. Bh3 Bc8 28. Bxc8 Rxc8 29. Rb5 Qa6 30. a4 h5 31. f3 c6 32. dxc6 Qxc6 33. Kg2 Rc7 34. Qb3 Ng8 35. Nd5 Rd7 36. Rb8 Ne7 37. Qb5 Qxb5 38. cxb5 Nxd5 39. exd5 Kf6 1-0